000 00809nam a22002177a 4500
003 UA-OsUOA
001 120614
007 ta
008 20170208b un ||||| |||| 00| 0 ukr d
100 _aБабінець Г.
090 _a81
_bБ12
942 _cSA
040 _aUA-OsUOA
_bukr
_cUA-OsUOA
_dUA-OsUOA
245 _aКонтрольний письмовий стислий переказ розповідного тексту з елементами опису місцевості в художньому стилі
300 _aС.41-44
955 _a0
041 _aukr
080 _a81
773 0 _w120613
_tУкраїнська мова та література
_dК.
_d2017
_g2
650 7 _a8 Мовознавство. Художня література. Літературознавство
_2UDC
999 _c406834
_d406834